Pojistný trh České republiky (z Výroční zprávy ČAP 2005)

Výber z niektorých častí Výročnej správy ČAP za rok 2005). Štruktúra poistného trhu Českej republiky. Tempo rastu predpísaného poistného . Vývoj výnosov, nákladov a výsledku. Poisťovne v ČR.

Guardado en:
Detalles Bibliográficos
Formato: Capítulo de libro
Lenguaje:checo
Materias:
Etiquetas: Agregar Etiqueta
Sin Etiquetas, Sea el primero en etiquetar este registro!

MARC

LEADER 00000naa$a2200000$$$4500
001 0046561
005 20230927102710.2
041 0 |a cze 
044 |a CZ 
245 1 0 |a Pojistný trh České republiky  |b (z Výroční zprávy ČAP 2005) 
520 |a Výber z niektorých častí Výročnej správy ČAP za rok 2005). Štruktúra poistného trhu Českej republiky. Tempo rastu predpísaného poistného . Vývoj výnosov, nákladov a výsledku. Poisťovne v ČR. 
610 2 0 |a trh poistný 
610 2 0 |a Česko 
610 2 0 |a poistné 
610 2 0 |a výnosy 
610 2 0 |a poisťovne 
610 2 0 |a správy výročné 
610 2 0 |a 2005